[Event "Carballo Xiria"]
[Site "Carballo"]
[Date "2023.08.21"]
[Round "1"]
[White "Delgado Ramirez, Neuris"]
[Black "Tejedor Fuente, Enrique"]
[Result "1/2-1/2"]
[WhiteElo "2558"]
[BlackElo "2386"]
[PlyCount "112"]
[EventDate "2023.08.21"]
[EventType "tourn"]
[EventRounds "9"]
[EventCountry "ESP"]
[EventCategory "6"]
[SourceTitle "CBM 215 Extra"]
[Source "ChessBase"]
[SourceDate "2023.09.30"]
[SourceVersion "1"]
[SourceVersionDate "2023.09.30"]
[SourceQuality "1"]

1. e4 c5 2. Nf3 d6 3. Bc4 e6 4. d3 Nc6 5. c3 Nf6 6. Bb3 Be7 7. 0-0 0-0 8. Re1 e5 9. Nbd2 Be6 10. Nf1 h6 11. Ng3 Re8 12. h3 Bf8 13. Nh2 d5 14. Ng4 d4 15. Nxf6+ Qxf6 16. Bd5 Bxd5 17. exd5 Ne7 18. c4 Nf5 19. Ne4 Qg6 20. Qg4 Qxg4 21. hxg4 Nd6 22. Ng3 f6 23. f4 b5 24. b3 a5 25. fxe5 fxe5 26. a4 bxc4 27. bxc4 Reb8 28. Ba3 Rb3 29. Bxc5 Rxd3 30. Bxd6 Bxd6 31. Nf5 Rd8 32. Nxd6 Rxd6 33. Rac1 Rd2 34. c5 Rxd5 35. c6 Rd8 36. Rxe5 d3 37. c7 Rc8 38. Rd5 Rc2 39. Rxc2 dxc2 40. Rc5 Kf7 41. Rxc2 Ke6 42. Kf2 Kd6 43. Ke3 Rxc7 44. Rxc7 Kxc7 45. Ke4 Kc6 46. Kf5 Kd5 47. g5 hxg5 48. Kxg5 Ke5 49. Kg6 Kf4 50. Kxg7 Kg3 51. Kf6 Kxg2 52. Ke5 Kg3 53. Kd5 Kf4 54. Kc6 Ke5 55. Kb5 Kd6 56. Kxa5 Kc7 1/2-1/2